| 000 | 00429nam a22001457a 4500 | ||
|---|---|---|---|
| 999 |
_c9513 _d9513 |
||
| 003 | OSt | ||
| 005 | 20210630121726.0 | ||
| 008 | 210630b ||||| |||| 00| 0 eng d | ||
| 020 | _a9781590307311 | ||
| 082 |
_a745.54 _bSHU |
||
| 110 | _aShufunotomo(Editor) | ||
| 245 | _a Creative paper cutting : basic techniques & fresh designs for stencils, mobiles, cards & more | ||
| 260 |
_aBoston and London _bBoost Books _c2007 |
||
| 942 | _2ddc | ||